SOKAKLARDA DÜŞ YANGINI (Record no. 728716)

MARC details
000 -LEADER
sabit uzunluktaki kontrol alanı 00244nam a2200097Ia 4500
001 - KONTROL NUMARASI
kontrol alanı 728716
005 - EN SON İŞLEMİN TARİH VE ZAMANI
kontrol alanı 20250826163513.0
008 - SABİT-UZUNLUKTA VERİ ÖĞELERİ--GENEL BİLGİ
sabit uzunluktaki kontrol alanı 250824s9999 xx 000 0 und d
245 #0 - ESER / YAZAR
ESER ADI SOKAKLARDA DÜŞ YANGINI
Yazar Adı AYŞE YAMAÇ
260 ## - YAYIN, DAĞITIM, VB.
YAYIN EVİ BU YAYIN EVİ

No items available.